| 000 | 00513nam a2200169Ia 4500 | ||
|---|---|---|---|
| 008 | 230718s9999 xx 000 0 und d | ||
| 020 | _a9788184003208 | ||
| 041 | _aeng | ||
| 082 |
_a658.4062 _bNAR |
||
| 100 |
_aNarang R. _9118478 |
||
| 245 |
_aOrbit Shifting Innovation _bThe Dynamics Of Ideas That Create History |
||
| 260 |
_c2013 _bRandom House India |
||
| 300 | _a392 | ||
| 365 |
_cRs. _b499.00 |
||
| 700 |
_aNarang R. & Devalah D. _9195487 |
||
| 906 |
_dO:0366822-Jan-2014B:477019-Dec-2013 _cGENRL _b109.78 |
||
| 999 |
_c334888 _d334888 |
||